000 01237cam a22003377a 4500
003 CHAP
005 20220329142716.0
008 010926d2000 mx r 00110 spa d
010 _a86692
011 _a87664
020 _a9682453356
035 _a98208
040 _cCHAP
082 0 4 _a627.56
_bG3
100 0 0 _aGarcía Casillas, Ignacio.
_945831
245 1 0 _aSistemas de riego por aspersión y goteo
_c/por Ignacio García Casillas y Gregorio Briones Sánchez
260 _aMéxico, D.F. :
_bTrillas,
_c1997.
300 _a263 p. :
_bilus.
590 _aBATCH-UPD
_b10
_c20130110
_lUCH01
_h1120
590 _aBATCH-UPD
_b10
_c20130410
_lUCH01
_h0710
590 _aBATCH-UPD
_b10
_c20130914
_lUCH01
_h0752
590 _aCONVERSION
_b10
_c20130109
_lUCH01
_h1348
650 1 4 _aRiego por aspersión.
_997375
650 1 4 _aRiego por goteo.
_997380
700 0 0 _aBriones Sánchez, Gregorio.
_915387
901 _aBK
905 _aAlejandra Carrasco M.
942 _cLIBRO
949 _a627.56 G3
_bBC
_cLIBRO
_d33724000923215
_eLIBRO
_fc.2
_h104463
_i98208
_so
949 _a627.56 G3
_bBC
_cLIBRO
_d33724002054165
_eLIBRO
_h103316
_i98208
_mSustituye a : Israelsen, Orson W. / Principios y aplicaciones del riego / 631.7 I87Y 1962 c.6 / A. 90812
_si
999 _c86692
_d86692